000 00398nam a22001451a 4500
082 _aM3
_bPRA/B
100 _aPrabhakaran N
_969897
245 _aBhoothabhoomi/
_cby Prabhakaran N
260 _aKottayam:
_bSahitya Pravartaka Co-operative Society,
_c2008.
300 _a66p.
650 _aNovel Malayalam
_969898
650 _aLiterature Malayalam
_969899
650 _aLiterature
_969900
942 _cBK
999 _c5435
_d5435